Statistics for Harry Potter Cast Quiz- Extreme

Click here to take the quiz!

General Stats

  • This quiz has been taken 82 times
  • The average score is 35 of 139

Answer Stats

CharacterActor% Correct
Hermione GrangerEmma Watson
96%
Ron WeasleyRupert Grint
96%
Severus SnapeAlan Rickman
94%
Harry PotterDaniel Radcliffe
94%
Minerva McGonagallMaggie Smith
83%
Draco MalfoyTom Felton
81%
Albus DumbledoreRichard Harris
80%
Lord Voldemort/Tom RiddleRalph Fiennes
78%
Albus DumbledoreMichael Gambon
77%
Rubeus HagridRobbie Coltrane
77%
Sirius BlackGary Oldman
75%
Bellatrix LestrangeHelena Bonham Carter
71%
Ginny WeasleyBonnie Wright
62%
Sybil TrelawneyEmma Thompson
62%
Cedric DiggoryRobert Pattinson
61%
Filius Flitwick | GriphookWarwick Davis
61%
Luna LovegoodEvanna Lynch
58%
Lucius MalfoyJason Isaacs
57%
Barty Crouch, Jr.David Tennant
55%
Neville LongbottomMatthew Lewis
55%
Dolores UmbridgeImelda Staunton
54%
Molly WeasleyJulie Walters
54%
George WeasleyOliver Phelps
54%
Fred WeasleyJames Phelps
51%
Gilderoy LockhartKenneth Branagh
51%
Remus LupinDavid Thewlis
49%
Horace SlughornJim Broadbent
49%
Vernon DursleyRichard Griffiths
49%
Nearly-headless NickJohn Cleese
48%
Lord Voldemort/Tom RiddleHero Fiennes Tiffin
46%
Alastor "Mad Eye" MoodyBrendan Gleeson
43%
Kingsley ShackleboltGeorge Harris
43%
Garrick OllivanderJohn Hurt
42%
Rufus ScrimgeourBill Nighy
38%
Petunia DursleyFiona Shaw
38%
Lavender BrownJennifer Smith
38%
Peter PettigrewTimothy Spall
38%
DobbyToby Jones
38%
Bill WeasleyDomhnall Gleeson
36%
Malfalda HopkirkSophie Thompson
35%
Rolanda HoochZoë Wanamaker
35%
Arthur WeasleyMark Williams
33%
Xenophilius LovegoodRhys Ifans
33%
Cho ChangKatie Leung
32%
The Fat LadyDawn French
30%
Rita SkeeterMiranda Richardson
30%
Nymphadora TonksNatalia Tena
30%
Argus FilchDavid Bradley
28%
Olympe MaximeFrances de la Tour
28%
Narcissa MalfoyHelen McCrory
26%
Sirius BlackJames Walters
26%
Pomona SproutMiriam Margolyes
26%
Dudley DursleyHarry Melling
23%
Dean ThomasAlfred Enoch
22%
Fleur DelacourClémence Poésy
22%
Quirinus QuirrellIan Hart
22%
Seamus FinneganDevon Murray
20%
Poppy PomfreyGemma Jones
20%
Cornelius FudgeRobert Hardy
20%
Marge DursleyPam Ferris
19%
Barty Crouch, Sr.Roger Lloyd Pack
19%
Moaning MyrtleShirley Henderson
19%
Lily PotterGeraldine Somerville
17%
Percy WeasleyChris Rankin
16%
Aberforth DumbledoreCiarán Hinds
16%
Susan BonesEleanor Columbus
16%
Lavender BrownJessie Cave
14%
Gregory GoyleJosh Herdman
14%
Oliver WoodSean Biggerstaff
14%
Lord Voldemort/Tom RiddleChristian Coulson
13%
Vincent CrabbeJamie Waylett
13%
GriphookVerne Troyer
13%
James PotterAdrian Rawlins
12%
Pius ThickneeseGuy Henry
12%
Sorting HatLeslie Phillips
12%
Padma PatilAfshan Azad
10%
Fenrir GreybackDave Legeno
10%
Cormac McLaggenFreddie Stroma
10%
Madam RosmertaJulie Christie
10%
Lee JordanLuke Youngblood
10%
Antioch ScabiorNick Moran
10%
Corban YaxleyPeter Mullan
10%
Nigel WolpertWilliam Melling
10%
The Fat LadyElizabeth Spriggs
9%
Amos DiggoryJeff Rawle
9%
AragogJulian Glover
9%
The Grey Lady/Helena RavenclawKelly Macdonald
9%
The Grey Lady/Helena RavenclawNina Young
9%
Pansy ParkinsonScarlett Byrne
9%
Parvati PatilShefali Chowdhury
9%
Severus SnapeBenedict Clarke
7%
Angelina JohnsonDanielle Tabor
7%
Albert RuncornDavid O'Hara
7%
Lord Voldemort/Tom RiddleFrank Dillane
7%
Katie BellGeorgina Leonidas
7%
FirenzeRay Fearon
7%
Lord Voldemort/Tom RiddleRichard Bremmer
7%
Thorfinn RowleRod Hunt
7%
GrawpTony Maudsley
7%
Severus SnapeAlec Hopkins
6%
Mundungus FletcherAndy Linden
6%
Romilda VaneAnna Shaffer
6%
Antonin DolohovArben Bajraktaraj
6%
Peter PettigrewCharles Hughes
6%
Katie BellEmily Dale
6%
Colin CreeveyHugh Mitchell
6%
Stan ShunpikeLee Ingleby
6%
Blaise ZabiniLouis Cordice
6%
Igor KarkaroffPredrag Bjelac
6%
Amycus CarrowRalph Ineson
6%
Sirius BlackRohan Gotobed
6%
Viktor KrumStanislav Yanevski
6%
KreacherTimothy Bateson
6%
Petunia DursleyAriella Paradise
4%
Albus Severus PotterArthur Bowen
4%
Elphias DogeDavid Ryall
4%
Tom the InnkeeperDerek Deadman
4%
Bathilda BagshotHazel Douglas
4%
Malfalda HopkirkJessica Hynes
4%
Arabella FiggKathryn Hunter
4%
Alicia SpinnetLeilah Sutherland
4%
Alicia SpinnetRochelle Douglas
4%
KreacherSimon McBurney
4%
Parvati PatilSitara Shah
4%
Alecto CarrowSuzanne Toase
4%
Angelina JohnsonTiana Benjamin
4%
Charity BurbageCarolyn Pickles
3%
Justin Finch-FletchleyEdward Randell
3%
LIly PotterEllie Darcey-Alden
3%
Remus LupinJames Utechin
3%
Marcus FlintJamie Yeates
3%
Tom the InnkeeperJim Tavaré
3%
Mary CattermoleKate Fleetwood
3%
James PotterRobbie Jarvis
3%
Reginald CattermoleSteffan Rhodri
3%
James PotterAlfie McIlwain
1%
BogrodJon Key
1%
Elphias DogePeter Cartwright
1%

Score Distribution

Percentile by Number Answered

Percent of People with Each Score

Your Score History

You have not taken this quiz